000 00804cam a22002654a 4500
008
020 _a0443100012 (pbk.)
020 _a9780443100017 (pbk.)
049 _aMAIN
090 _aRD734
_bPAR
100 _aParvizi, Javad.
245 0 _aOrthopaedic examination :
_bmade easy /
_cJavad Parvizi.
260 _aEdinburgh :
_bChurchill Livingstone,
_c2006.
300 _avi, 129 p. :
_bill. ;
_c22 cm.
500 _aIncludes index.
650 0 _aOrthopedics
_xDiagnosis.
650 0 _aMusculoskeletal system
_xExamination.
650 0 _aPhysical orthopedic tests.
650 1 2 _aMusculoskeletal Diseases
_xdiagnosis.
907 _a.b10273827
_b27-04-10
_c24-02-10
003
005 20230120204026.0
040 _cNUST
942 _cBOOKS
_kRD734
_mPAR
999 _c115779
_d115779